Industrial automation and process control
Na minha lista:
| Autor principal: | |
|---|---|
| Formato: | Livro |
| Idioma: | inglês |
| Publicado em: |
Upper Saddle River
Prentice-Hall
2003
|
| Assuntos: | |
| Tags: |
Adicionar Tag
Sem tags, seja o primeiro a adicionar uma tag!
|
MARC
| LEADER | 00000cam a2200000 a 4500 | ||
|---|---|---|---|
| 001 | UCK6523 | ||
| 003 | CL-VaPUC | ||
| 008 | 051007e20030000us |||||||||||||||||eng|d | ||
| 020 | |a 0130330302 | ||
| 082 | 0 | 4 | |a 629.89 |b STE |2 21 |
| 100 | 0 | |a Stenerson, Jon |e author |9 495878 | |
| 245 | 1 | 0 | |a Industrial automation and process control |
| 300 | |a 420 p | ||
| 942 | |c BK | ||
| 945 | |d 20051007 00:00:00 |a cmena | ||
| 260 | |a Upper Saddle River |b Prentice-Hall |c 2003 | ||
| 500 | |a Incluye Cd-Rom | ||
| 650 | 0 | |a Control automático |9 259890 | |
| 650 | 0 | |a Industrias |9 263688 | |
| 650 | 0 | |a Ingeniería de software |9 263866 | |
| 650 | 0 | |a Programación de computadores |9 259531 | |
| 650 | 0 | |a Robótica |9 263360 | |
| 583 | |a last modification |c 20150424 04:33:12 |k Rodrigo Vera | ||
| 999 | |c 314804 |d 314802 | ||
| 952 | |0 0 |1 0 |4 0 |6 629_890000000000000_STE_2003 |7 0 |8 A |9 387541 |a BIBING |b BIBING |d 2019-11-22 |i 417190K |o 629.89 STE 2003 |p 417190K |r 2025-01-20 |w 2019-11-22 |y BK |k EII | ||